Bekar - L'inconnue - Statistiques

Statistiques générales
  • Ce quiz a été pris 2 fois
  • Le résultat moyen est 295 sur 341
Statistiques - réponses
Hint Réponse % Correct
à
100%
après
100%
avait
100%
belle
100%
belles
100%
ce
100%
Ce
100%
C'est
100%
c'est
100%
ciel
100%
clairs
100%
classe
100%
couche
100%
cour
100%
c'que
100%
d'amour
100%
dans
100%
danser
100%
de
100%
décla
100%
des
100%
Des
100%
désarmé
100%
désire
100%
deux
100%
Deux
100%
dire
100%
dit
100%
d'journée
100%
d'soirée
100%
du
100%
d'une
100%
élancées
100%
Elle
100%
elle
100%
encore
100%
entrevoir
100%
est
100%
est-elle ?)
100%
est-elle ?
100%
est-elle
100%
et
100%
faire
100%
Couplet 1 | Couplet 2 Fin
100%
fond
100%
heures
100%
huit
100%
il
100%
jamais
100%
jambes
100%
Je
100%
je
100%
Refrain J'me
100%
jour
100%
juste
100%
La
100%
la
100%
100%
l'ai
100%
laissent
100%
l'allure
100%
le
100%
Le
100%
les
100%
lève
100%
lèvres
100%
lui
100%
lumière
100%
m'a
100%
ma
100%
mat
100%
me
100%
même
100%
mêmes
100%
100%
ne
100%
nuit
100%
parler
100%
pas
100%
pendant
100%
pensées
100%
plaire
100%
plus
100%
pour
100%
presque
100%
qu'dès
100%
que
100%
quel
100%
qu'elle
100%
qui
100%
(Qui
100%
Qui
100%
rappelé
100%
regard
100%
regardée
100%
rend
100%
reste
100%
rouge
100%
se
100%
secousses
100%
ses
100%
seul
100%
si
100%
six
100%
soir
100%
son
100%
suis
100%
sur
100%
sûr
100%
temps
100%
tête
100%
tout
100%
trois
100%
Un
100%
un
100%
venu
100%
verre
100%
verres
100%
yeux
100%
allée
50%
alors
50%
années
50%
autre
50%
aux
50%
avec
50%
bat
50%
bloqué
50%
bout
50%
ça
50%
Celle
50%
cette
50%
chaises
50%
cinq
50%
coeur
50%
complète
50%
depuis
50%
dernières
50%
donné
50%
entourés
50%
épisode
50%
était
50%
ferais
50%
ferait
50%
folie
50%
fort
50%
fou
50%
France
50%
frère
50%
J'ai
50%
j'aime
50%
jeunes
50%
j'flirte
50%
J'pense
50%
j'suis
50%
J'suis
50%
j'y
50%
l'autre
50%
lendemain
50%
L'été
50%
l'on
50%
lorsqu'on
50%
mais
50%
Mais
50%
maîtrise
50%
manquait
50%
manque
50%
m'attendait
50%
mer
50%
moi
50%
mon
50%
Mon
50%
monde
50%
monte
50%
n'est
50%
nous
50%
parcours
50%
Pardonne
50%
pareil
50%
pliantes
50%
point
50%
pourrais
50%
provoque
50%
quatre
50%
qu'il
50%
Qu'on
50%
qu'tu
50%
ressenti
50%
rester
50%
seuls
50%
sobre
50%
sombre
50%
subit
50%
terre
50%
toi
50%
Tournée
50%
toute
50%
tremblements
50%
triste
50%
une
50%
vie
50%
oublier
0%
Aucun quiz correspondant
Distribution des résultats
% des personnes avec chaque résultat
Percentile par nombre de réponses
Votre historique - résultats
Vous n’avez pas pris ce quiz